000 00992 a2200253 4500
005 20190322082021.0
008 140728s2011 ag ||||fr|||| 00| 0 spa d
020 _a9789875700574
040 _aCO-BoUCM
_bspa
_cJose A. Gerena (modificó)
_dJose A. Gerena
041 0 _aspa
245 0 0 _aEstrés, trauma y desastres
_bherramientas teórico-clínicas
_ccompilado por Roberto Sivak, Jorge Libman
260 _c2007
_bAkadia
_aBuenos Aires (Argentina)
300 _axvi, 180 páginas
504 _aIncluye referencias bibliográficas
650 7 _912998
_aDesastres naturales
_xAspectos psicológicos
650 7 _925832
_aTrauma
_xAspectos psicológicos
650 7 _aPsicología
_926549
690 _942902
_aPsicología
650 7 _915135
_aEstrés postraumático
_xAspectos psicológicos
700 1 _aSivak, Roberto
_ecompilador
_963344
700 1 _aLibman, Jorge
_ecompilador
_963345
942 _2DEWEY
_a9
_cLIBRORESER
_e1
_h155.935
_mE823
999 _c273713
_d273713